Central Library OPAC University of Rajshahi

Breeding and seed production of fin fish & shell fish / (Record no. 55040)

MARC details
000 -LEADER
fixed length control field 00672nam a22002177a 4500
001 - CONTROL NUMBER
control field 55040
003 - CONTROL NUMBER IDENTIFIER
rucl marc code BD-RjUL
005 - DATE AND TIME OF LATEST TRANSACTION
control field 20260401134340.0
008 - FIXED-LENGTH DATA ELEMENTS--GENERAL INFORMATION
fixed length control field 161113s2003 ii ||||| |||| 00| 0 eng d
035 ## - SYSTEM CONTROL NUMBER
System control number (BD-RjUL)55162
040 ## - CATALOGING SOURCE
Original cataloging agency BD-RjUL
Language of cataloging eng
Transcribing agency BD-RjUL
041 ## - LANGUAGE CODE
Language code of text/sound track or separate title eng
082 ## - DEWEY DECIMAL CLASSIFICATION NUMBER
Edition number 23
Classification number 639.8
Author mark and year THB 2003
100 ## - MAIN ENTRY--PERSONAL NAME
Personal name Thomas, P.C
9 (RLIN) 164083
245 ## - TITLE STATEMENT
Title Breeding and seed production of fin fish & shell fish /
Statement of responsibility, etc. P C Thomas; Suresh Ch Rath; Kanta Das Mohapatra
260 ## - PUBLICATION, DISTRIBUTION, ETC. (IMPRINT)
Place of publication, distribution, etc. Delhi :
Name of publisher, distributor, etc. Daya Publishing House,
Date of publication, distribution, etc. 2003,[Printing 2020]
300 ## - PHYSICAL DESCRIPTION
Pagination 402 p. :
Illustrations illu. ;
Size 25 cm
650 ## - SUBJECT ADDED ENTRY--TOPICAL TERM
Topical term or geographic name as entry element Aquaculture.
9 (RLIN) 163656
Topical term or geographic name as entry element Fish culture
9 (RLIN) 164084
942 ## - ADDED ENTRY ELEMENTS (KOHA)
Source of classification or shelving scheme Dewey Decimal Classification
Koha item type Books
Holdings
Lost status Source of classification or shelving scheme Damaged status Not for loan Collection code Permanent Location Current Location Shelving location Date acquired Source of acquisition Cost, normal purchase price Total Checkouts Full call number Date last seen Copy number Koha item type
  Dewey Decimal Classification     Non-fiction Central Library, University of Rajshahi Central Library, University of Rajshahi   15/03/2009 dhaka, paragon Enterprice ltd. 2295.00   639.8 THB 2003 13/11/2016 C-2 Books
  Dewey Decimal Classification   Not For Loan Non-fiction Central Library, University of Rajshahi Central Library, University of Rajshahi Reading Room 25/03/2009 Dhaka, Mullik & Brothers 2295.00   639.8 THB 2003 06/06/2017 C-1 Books
  Dewey Decimal Classification     Non-fiction Central Library, University of Rajshahi Central Library, University of Rajshahi General Stacks 30/03/2026 International Book Distributor, Dhaka 3480.00   639.8 THB 2020 01/04/2026 C-3 Books